Командир и штурман: роман; пер. с англ.

Бібліографічні деталі
Автор: О'Брайан П. Патрик
Мова:Російська
Опубліковано: СПб., Амфора, 2005
Серія:Читать[модно]
Предмети:
Формат: Книга
KOHA link:https://koha.lib.tpu.ru/cgi-bin/koha/opac-detail.pl?biblionumber=84094

MARC

LEADER 00000nam0a2200000 4500
001 84094
005 20231031100436.0
010 |a 5942787751 
035 |a (RuTPU)RU\TPU\book\90409 
090 |a 84094 
100 |a 20051026d2005 m y0rusy50 ca 
101 1 |a rus  |c eng 
102 |a RU 
105 |a y z 000ay 
200 1 |a Командир и штурман  |e роман  |e пер. с англ.  |f П. О'Брайан 
210 |a СПб.  |c Амфора  |d 2005 
215 |a 510 с. 
225 1 |a Читать[модно] 
610 1 |a английская литература 
610 1 |a романы 
610 1 |a исторические романы 
610 1 |a флот 
610 1 |a история 
610 1 |a 19 век 
675 |a 82  |v 3 
700 1 |a О'Брайан  |b П.  |g Патрик 
801 1 |a RU  |b 63413507  |c 20051026  |g PSBO 
801 2 |a RU  |b 63413507  |c 20060220  |g PSBO 
942 |c BK 
959 |a 84/20051019  |d 1  |e 161,59  |f ХФ:1